Paris Saint-Germain - Tous les joueurs (2010-2020) - Statistiques

Statistiques générales
  • Ce quiz a été pris 4 818 fois
  • Le résultat moyen est 45 sur 105
Statistiques - réponses
Saisons Nationalité Joueur Nb de matchs % Correct
2013-2020 Uruguay Edinson Cavani 186
95%
2012-2020 Italie Marco Verratti 202
95%
2017-2020 France Kylian Mbappé 76
94%
2017-2020 Brésil Neymar 52
94%
2012-2020 Brésil Thiago Silva 204
94%
2012-2016 Suède Zlatan ibrahimovic 122
93%
2013-2020 Brésil Marquinhos 179
90%
2015-2020 Argentine Angel Di Maria 144
88%
2011-2018 France Blaise Matuidi 203
87%
2019-2020 Costa Rica Keylor Navas 21
84%
2011-2018 Italie Thiago Motta 166
83%
2011-2018 Argentine Javier Pastore 186
80%
2016-2020 Allemagne Julian Draxler 89
79%
2014-2020 France Presnel Kimpembe 94
78%
2011-2016 Italie Salvatore Sirigu 145
77%
2011-2017 Brésil Maxwell 145
75%
2012-2016 Argentine Ezequiel Lavezzi 107
74%
2015-2018 Allemagne Kevin Trapp 63
72%
2016-2020 Belgique Thomas Meunier 84
72%
2012-2013, 2016-2020 France Alphonse Areola 75
71%
2012-2019 France Adrien Rabiot 150
70%
2012-2018 Brésil Lucas Moura 153
68%
2012-2016 Pays-Bas Gregory van der Wiel 89
66%
2019-2020 Sénégal Idrissa Gueye 20
66%
2015-2020 France Layvin Kurzawa 87
66%
2014-2017 Côte d'Ivoire Serge Aurier 57
65%
2018-2020 Argentine Leandro Paredes 33
64%
2014-2017 Brésil David Luiz 56
62%
2018-2020 Espagne Juan Bernat 43
60%
2011-2014 Brésil Alex 70
58%
2015-2019 France Christopher Nkunku 55
57%
2018-2020 Allemagne Thilo Kehrer 34
57%
2010-2014 France Christophe Jallet 108
55%
2010-2013 Brésil Nenê 79
55%
2017-2019 Brésil Dani Alves 48
54%
2012-2013 Angleterre David Beckham 10
54%
2019-2020 Argentine Mauro Icardi 20
53%
2018-2019 Italie Gianluigi Buffon 17
52%
2016-2017 Pologne Grzegorz Krychowiak 11
51%
2012-2014 France Kingsley Coman 3
50%
2010-2013 France Mamadou Sakho 84
50%
2010-2013 France Guillaume Hoarau 59
49%
2013-2015 France Yohan Cabaye 39
49%
2019-2020 Sénégal Abdou Diallo 16
47%
2019-2020 Espagne Ander Herrera 8
47%
2016-2017, 2019-2020 Espagne Jesé 10
47%
2019-2020 Espagnea Pablo Sarabia 21
47%
2011-2014 France Jérémy Ménez 79
46%
2010-2013 France Clément Chantôme 69
45%
2018-2020 Cameroun Eric Maxim Choupo-Moting 31
45%
2016-2019 Argentine Giovani Lo Celso 38
45%
2016-2017 France Hatem Ben Arfa 23
44%
2018-2019 France Moussa Diaby 25
43%
2017-2019 Etats-Unis Timothy Weah 5
43%
2011-2013 France Kevin Gameiro 59
42%
2018-2020 France Colin Dagba 27
38%
2010-2012 Turquie Mevlut Erding 45
38%
2016-2018 Portugal Gonçalo Guedes 8
37%
2012-2016 France Nicolas Douchez 11
36%
2010-2015 France Zoumana Camara 57
36%
2019-2020 Pays-Bas Mitchel Bakker 1
35%
2019-2020 Espagne Sergio Rico 2
35%
2017-2019 France Lassana Diarra 13
34%
2013-2015 France Lucas Digne 30
33%
2011-2012 Uruguay Diego Lugano 12
32%
2019-2020 Pologne Marcin Bulka 1
32%
2017-2018 Espagne Yuri Berchiche 22
32%
2015-2016 France Benjamin Stambouli 27
29%
2010-2013 France Mathieu Bodmer 63
28%
2010-2013 France Sylvain Armand 73
28%
2010-2011 Arménie Apoula Edel 24
26%
2011-2013 Mali Mohamed Sissoko 28
26%
2010-2012, 2014-2015 France Jean-Christophe Bahebeck 34
25%
2015-2017 France Jean-Kévin Augustin 23
25%
2011-2012 Serbie Milan Bisevac 19
24%
2010-2012 Brésil Ceara 44
23%
2010-2011 France Claude Makélélé 33
22%
2010-2013 Côte d'Ivoire Siaka Tiéné 54
22%
2010-2011 Bénin Stéphane Sessègnon 14
22%
2010-2011 France Grégory Coupet 15
20%
2010-2011 France Loïck Landre 1
20%
2013-2014, 2015-2016 France Hervin Ongenda 11
19%
2019-2020 France Tanguy Kouassi 6
19%
2010-2011 France Jérémy Clément 24
17%
2010-2011 France Ludovic Giuly 35
17%
2010-2011 France Péguy Luyindula 23
17%
2010-2011 Mali Sammy Traoré 2
17%
2010-2011 Serbie Mateja Kezman 1
15%
2016-2017 France Jonathan Ikoné 4
13%
2017-2019 France Stanley Nsoki 13
11%
2010-2012 Haïti Jean-Eudes Maurice 11
10%
2012-2013 France Ronan Le Crom 1
10%
2017-2018 France Yacine Adli 1
10%
2018-2019 Turquie Metehan Güçlü 1
7%
2010-2011 Rép. dém. du Congo Neeskens Kebano 3
6%
2018-2020 France Loïc Mbe Soh 3
5%
2019-2020 France Adil Aouchiche 1
4%
2018-2019 France Antoine Bernède 2
4%
2019-2020 France Arthur Zagré 1
4%
2016-2017 France Lorenzo Callegari 1
4%
2012-2013 France Antoine Conte 1
3%
2015-2016, 2017-2019 France Kévin Rimane 3
3%
2010-2011 France Tripy Makonda 4
3%
2015-2016 Côte d'Ivoire Yakou Méïté 1
2%
2015-2016 France Timothée Taufflieb 1
1%
Aucun quiz correspondant
Distribution des résultats
% des personnes avec chaque résultat
Percentile par nombre de réponses
Votre historique - résultats
Vous n’avez pas pris ce quiz